Fire Emblem Engage Emblem Rings Quiz - Statistics

General Stats
  • This quiz has been taken 139 times
    126 since last reset
  • The average score is 18 of 20
Answer Stats
Ring Name Emblem % Correct
Ring of the Hero-King Marth
99%
Ring of the Young Lion Roy
97%
Ring of the Instructor Byleth
96%
Ring of the Radiant Hero Ike
96%
Bracelet of the Shepherd Exalt Chrom & Robin
94%
Ring of the Crux of Fate Corrin
94%
Ring of the Lady of the Plains Lyn
94%
Ring of the Holy Knight Sigurd
94%
Ring of the Exalt Princess Lucina
93%
Ring of the Caring Princess Celica
92%
Bracelet of the Three Houses Edelgard, Dimitri, & Claude
92%
Ring of the Sage Lord Leif
88%
Ring of the Dawn Maiden Micaiah
87%
Ring of the Connector Alear
85%
Ring of the Azure Twins Eirika & Ephraim
85%
Bracelet of the Brash General Hector
85%
Bracelet of the Doting Sister Camilla
82%
Bracelet of the Ancestor Tiki
82%
Bracelet of the Strategist Soren
80%
Bracelet of the Lonely Heir Veronica
72%
No matching quizzes found
Score Distribution
Percent of People with Each Score
Percentile by Number Answered
Your Score History
You have not taken this quiz since the last reset